• 首页
  • 本馆介绍
  • 公告通知
  • 最新文献
  • 馆藏检索
  • 电子资源
  • 读者导购
  • 参考咨询
  • 我的图书馆
  • 登录
  • 详细信息显示
  • 放入我的书架
  • 预约/预借图书
  • 作者相关作品
  • 分类相关作品
  • 丛书相关作品
  • 出版社相关作品

书目信息

  • 表格格式
  • 工作单格式
  • 卡片格式
题名:
弗洛伊德
    
 
作者: 里尔 著 ;邵晓波 译
分册:  
出版信息: 北京   华夏出版社  2013.1
页数: 269页
开本: 21cm
丛书名: 西方思想家评传丛书
单 册:
中图分类: B84-065
科图分类:
主题词: 精神分析--研究
电子资源:
ISBN: 978-7-5080-7404-7
000 01116oam2 2200289 45
001 1359729218
005 20130529082728.75
010    @a978-7-5080-7404-7@dCNY32.00
100    @a20130513d2013 em y0chiy0121 ea
101 1  @achi@ceng
102    @aCN@b110000
105    @ay z 000yy
106    @ar
200 1  @a弗洛伊德@AFu Luo Yi De@dFreud@f(美) 乔纳森·里尔著@F( Mei ) Qiao Na Sen· Li Er Zhu@g邵晓波译@zeng
210    @a北京@c华夏出版社@d2013.1
215    @a269页@d21cm
225 2  @a西方思想家评传丛书
330    @a在这本关于弗洛伊德的富于启发性的哲学导论中,乔纳森·里尔结合《梦的解析》、《精神分析引论》、《图腾与禁忌》等主要著作,深入探讨了弗洛伊德的主要思想,对无意识、爱欲、移情等主要概念作了细致的分析和思考,展示了其思想在何种意义上回应了苏格拉底问题:人应该如何生活。
461  0 @12001 @a西方思想家评传丛书
510 1  @aFreud@zeng
600  0 @a弗洛伊德@f1856-1939@x精神分析@x研究
606 0  @a精神分析@x研究
690    @aB84-065@v5
701  0 @a里尔@ALi Er@b乔纳森@4著
702  0 @a邵晓波@AShao Xiao Bo@4译
801    @aCN@bTANGWEI@c20130522
905    @b0833648-51@dB84-065@e1151@f4
    
    弗洛伊德=Freud/(美) 乔纳森·里尔著/邵晓波译.-北京:华夏出版社,2013.1
    269页;21cm.-(西方思想家评传丛书)
    
    
    ISBN 978-7-5080-7404-7:CNY32.00
    在这本关于弗洛伊德的富于启发性的哲学导论中,乔纳森·里尔结合《梦的解析》、《精神分析引论》、《图腾与禁忌》等主要著作,深入探讨了弗洛伊德的主要思想,对无意识、爱欲、移情等主要概念作了细致的分析和思考,展示了其思想在何种意义上回应了苏格拉底问题:人应该如何生活。
●
相关链接 在E读中查询图书 在五车中查询图书 在当当中查询图书 在豆瓣中查询图书


正题名:弗洛伊德     索取号:B84-065/1151         预约/预借

序号 登录号 条形码 馆藏地/架位号 状态 备注
1 0833648   208336488   第一样本阅览室/ [索取号:B84-065/1151] 在馆    
2 0833649   208336497   第一借阅区/ [索取号:B84-065/1151] 在馆    
3 0833650   208336503   第一借阅区/ [索取号:B84-065/1151] 在馆    
4 0833651   208336512   第一借阅区/ [索取号:B84-065/1151] 在馆    
唐山师范学院图书馆 欢迎您!
大连网信软件有限公司© 版权所有